000 00848cab a2200253 4500
001 ABS50751
008 090401t1994 xxu||||| |||| 00| 0 eng d
035 _a(Sirsi) u35304
041 _aeng
100 _aHutchison, N.
245 _aApplication of discounted cash flow techniques
260 _c1994
350 _a0
490 _aEstates Gazette
_v(9422) 4 June 1994, 112-113(2)
520 _aCompares a growth-explicit approach to valuation, the DCF method, with traditional, growth-implicit techniques, arguing that the former is more sensitive and subject to smaller margins of error.
650 _aDISCOUNTED CASH FLOW
650 _aDISCOUNTS RATES
650 _aGROWTH-EXPLICIT VALUATION
650 _aVALUATION METHODS
690 _aRATING AND VALUATION
700 _aNanthakumaran, N.
942 _n0
948 _c04/03/1997
999 _c23131
_d23131